Musique Que signifient ces termes italiens ? (2) - Statistiques

Statistiques générales
  • Ce quiz a été pris 51 fois
  • Le résultat moyen est 14 sur 18
Statistiques - réponses
Hint Réponse % Correct
Espressivo Expressif
98%
A due A deux
95%
Fortissimo Très fort
95%
Bergamasca Comme à Bergame
93%
Piano Doucement
93%
Legato Lié
91%
Ostinato Obstiné
91%
Diminuando En diminuant
89%
Une corda Pédale à une corde
89%
Vigoroso Vigoureusement
89%
Istesso tempo Le même mouvement
80%
Rustico Champêtre
75%
Tempo giusto Mouvement exact
73%
Chiuso Fermé
70%
Quasi Comme
68%
Giocoso Joyeux
59%
Scherzo En plaisantant
34%
Mesto Triste
32%
Aucun quiz correspondant
Distribution des résultats
% des personnes avec chaque résultat
Percentile par nombre de réponses
Votre historique - résultats
Vous n’avez pas pris ce quiz